Left brain, right brain / (Record no. 329964)

000 -LEADER
fixed length control field 01106pam a2200325 a 4500
001 - CONTROL NUMBER
control field 2911470
003 - CONTROL NUMBER IDENTIFIER
control field NUST
005 - DATE AND TIME OF LATEST TRANSACTION
control field 20180117090026.0
008 - FIXED-LENGTH DATA ELEMENTS--GENERAL INFORMATION
fixed length control field 880919s1989 nyua b 001 0 eng
010 ## - LIBRARY OF CONGRESS CONTROL NUMBER
LC control number 88030097
020 ## - INTERNATIONAL STANDARD BOOK NUMBER
International Standard Book Number 0716719991
020 ## - INTERNATIONAL STANDARD BOOK NUMBER
International Standard Book Number 0716720000 (pbk.)
040 ## - CATALOGING SOURCE
Original cataloging agency DLC
Transcribing agency DLC
Modifying agency DLC
050 00 - LIBRARY OF CONGRESS CALL NUMBER
Classification number QP385.5
Item number .S67 1989
082 00 - DEWEY DECIMAL CLASSIFICATION NUMBER
Classification number 612/.825
Edition number 19
100 1# - MAIN ENTRY--PERSONAL NAME
Personal name Springer, Sally P.,
Dates associated with a name 1947-
9 (RLIN) 1852
245 10 - TITLE STATEMENT
Title Left brain, right brain /
Statement of responsibility, etc. Sally P. Springer, Georg Deutsch.
250 ## - EDITION STATEMENT
Edition statement 3rd ed.
260 ## - PUBLICATION, DISTRIBUTION, ETC.
Place of publication, distribution, etc. New York :
Name of publisher, distributor, etc. W.H. Freeman,
Date of publication, distribution, etc. c1989.
300 ## - PHYSICAL DESCRIPTION
Extent xiii, 394 p. :
Other physical details ill. ;
Dimensions 24 cm.
500 ## - GENERAL NOTE
General note Includes index.
504 ## - BIBLIOGRAPHY, ETC. NOTE
Bibliography, etc. note Bibliography: p. [335]-385.
650 #0 - SUBJECT ADDED ENTRY--TOPICAL TERM
Topical term or geographic name entry element Cerebral dominance.
9 (RLIN) 1853
650 #0 - SUBJECT ADDED ENTRY--TOPICAL TERM
Topical term or geographic name entry element Brain
General subdivision Localization of functions.
9 (RLIN) 1854
650 #0 - SUBJECT ADDED ENTRY--TOPICAL TERM
Topical term or geographic name entry element Left and right (Psychology)
9 (RLIN) 1855
700 1# - ADDED ENTRY--PERSONAL NAME
Personal name Deutsch, Georg.
9 (RLIN) 1856
906 ## - LOCAL DATA ELEMENT F, LDF (RLIN)
a 7
b cbc
c orignew
d 1
e ocip
f 19
g y-gencatlg
942 ## - ADDED ENTRY ELEMENTS (KOHA)
Source of classification or shelving scheme
Koha item type Book
Holdings
Withdrawn status Lost status Source of classification or shelving scheme Damaged status Not for loan Collection code Permanent Location Current Location Shelving location Date acquired Total Checkouts Full call number Barcode Date last seen Price effective from Koha item type
            Central Library (CL) Central Library (CL) General Stacks 06/01/2017   612/.825 SPR S3H-D-253 06/01/2017 06/01/2017 Book
© 2023 Central Library, National University of Sciences and Technology. All Rights Reserved.